000 00911nam0a22002651 4500
001 rc\3499394
005 20250610012436.0
021 _aRU
_b[72-46947]
035 _a(NLR Aleph) 007611930
090 _a5827258
_c5827258
100 _a20130115d1972 |||y0rusy50 ca
101 1 _arus
_ckaa
102 _aRU
105 _aa z |||a|
200 1 _aСудьбе вопреки
_aПытка
_aЯркое солнце надежды
_eПовести
_f[Авториз. пер. с каракалп. Б. Боксера
_gИл.: В. Теплов]
210 _aНукус
_cКаракалпакстан
_d1972
215 _a284 с.
_cил.
_d17
700 1 _aБекимбетов
_bА.М.
_f1919-1979
_gАйтбай Мусаевич
702 1 _aБоксер
_bБ.
_4730
702 1 _aТеплов
_bВ.
_4440
801 0 _aRU
_bNLR
_gpsbo
801 1 _aRU
_bELAR
_2rusmarc
852 _aNLR
_j72-2/785
942 _cBOOK
980 _aNB